000 00345nam a22001337a 4500
008 170608b xxu||||| |||| 00| 0 eng d
020 _a2900205642495
041 _aeng
080 _28 ED
_a327
100 _a18
101 _aSHP
245 _aTHE OTHER WORLD ISSUESS AND POLITICS OF DEVELOPING WORLD
_cWEATHERBY.J.N
942 _2udc
_cBK
999 _c16355
_d16355